Name the continent of FIFA World Cup 2022 - Statistics

General Stats
  • This quiz has been taken 93 times
  • The average score is 17 of 32
Answer Stats
Groups Country Continent % Correct
A Qatar Asia
98%
A Senegal Africa
84%
A Netherlands Europe
71%
B Iran Asia
70%
B England Europe
70%
A Ecuador South America
70%
B Wales Europe
67%
C Saudi Arabia Asia
65%
C Poland Europe
65%
D France Europe
63%
B USA North America
63%
C Argentina South America
63%
C Mexico North America
60%
D Tunisia Africa
54%
D Denmark Europe
54%
D Australia Oceania
54%
E Spain Europe
52%
E Japan Asia
49%
E Germany Europe
49%
F Belgium Europe
49%
E Costa Rica North America
49%
F Morocco Africa
44%
F Canada North America
43%
F Croatia Europe
41%
G Serbia Europe
33%
G Brazil South America
33%
G Switzerland Europe
32%
G Cameroon Africa
29%
H Ghana Africa
29%
H Portugal Europe
29%
H Uruguay South America
27%
H Korea Republic Asia
25%
No matching quizzes found
Score Distribution
Percent of People with Each Score
Percentile by Number Answered
Your Score History
You have not taken this quiz